ARRUPE JESUIT UNIVERSITY

CORONAVIRUS -STOP THE SPREAD - CLEAN,DISINFECT,COVER

Reason for hope : (Record no. 118723)

MARC details
000 -LEADER
fixed length control field 01072cam a22002774a 4500
001 - CONTROL NUMBER
control field 14069989
003 - CONTROL NUMBER IDENTIFIER
control field ARRUPE
005 - DATE AND TIME OF LATEST TRANSACTION
control field 20131126143524.0
008 - FIXED-LENGTH DATA ELEMENTS--GENERAL INFORMATION
fixed length control field 050810s2005 miu b 000 0 eng
010 ## - LIBRARY OF CONGRESS CONTROL NUMBER
LC control number 2005052105
020 ## - INTERNATIONAL STANDARD BOOK NUMBER
International Standard Book Number 0802849091 (alk. paper)
040 ## - CATALOGING SOURCE
Original cataloging agency DLC
Transcribing agency DLC
Modifying agency DLC
042 ## - AUTHENTICATION CODE
Authentication code pcc
050 00 - LIBRARY OF CONGRESS CALL NUMBER
Classification number BX4827.
Item number P34G828 2005
300 ## - PHYSICAL DESCRIPTION
Dimensions 23 cm.
100 1# - MAIN ENTRY--PERSONAL NAME
Personal name Grenz, Stanley J.
Fuller form of name (Stanley James),
Dates associated with a name 1950-2005.
9 (RLIN) 3985
245 10 - TITLE STATEMENT
Title Reason for hope :
Remainder of title the Systematic theology of Wolfhart Pannenberg /
Statement of responsibility, etc Stanley J. Grenz.
250 ## - EDITION STATEMENT
Edition statement 2nd ed.
260 ## - PUBLICATION, DISTRIBUTION, ETC. (IMPRINT)
Place of publication, distribution, etc Grand Rapids, Mich. :
Name of publisher, distributor, etc W.B. Eerdmans Pub.Co.,
Date of publication, distribution, etc c2005.
300 ## - PHYSICAL DESCRIPTION
Extent v, 318 p. ;
504 ## - BIBLIOGRAPHY, ETC. NOTE
Bibliography, etc Includes bibliographical references (p. 298-310) and index.
600 10 - SUBJECT ADDED ENTRY--PERSONAL NAME
Personal name Pannenberg, Wolfhart,
Dates associated with a name 1928-
Title of a work Systematische Theologie.
9 (RLIN) 3986
650 #0 - SUBJECT ADDED ENTRY--TOPICAL TERM
Topical term or geographic name as entry element Theology, Doctrinal.
9 (RLIN) 3987
906 ## - LOCAL DATA ELEMENT F, LDF (RLIN)
a 7
b cbc
c orignew
d 1
e ocip
f 20
g y-gencatlg
942 ## - ADDED ENTRY ELEMENTS (KOHA)
Source of classification or shelving scheme Library of Congress Classification
Koha item type Monograph ( Printed materials)
Holdings
Withdrawn status Lost status Source of classification or shelving scheme Damaged status Not for loan Collection code Home library Current library Shelving location Date acquired Total Checkouts Full call number Barcode Date last seen Date checked out Price effective from Koha item type
    Library of Congress Classification     Main Collection ARRUPE LIBRARY ARRUPE LIBRARY Main Collection 26/11/2013 1 BX4827. P34G828 2005 46410274 22/11/2017 11/11/2015 26/11/2013 Monograph ( Printed materials)

 

Arrupe Library. PO Box MP320 Mt Pleasant, Harare, Zimbabwe
263 242 745411|librarian@aju.ac.zw